01251nam a22002417a 4500003000400000005001700004008004100021040002200062082001500084100002500099245004700124260007900171300002000250490002000270505037300290650004100663650005700704650004200761651004300803942002600846999001500872952012200887OSt20230823105935.0221006b |||||||| |||| 00| 0 eng d cBiblioteca Lado V a792bS349p 9959aSchmidt, Carlos aPropuesta/bRevista de Memoria Escénica/ c2012bCentro de Documentación y Archivo en Artes EscénicasaCosta Rica c21.5x28cma39p. a1v1x2215-3209 aVIAJANTES EZZACTA LAS DOÑAS ¡CALLADITO MÁS BONITO! MATERIA EXÓTICA EL CHICO DE LA ÚLTIMA FILA EL ÚLTIMO JUEGO EL CUARTO DE VERÓNICA FESTIVAL NACIONAL DE DANZA EN MACETA LOS ENREDOS DE JUAN VAINAS LOS DE CUADRADO VIAJEMOS EN COMEDIA ESTUDIANTES LA RAZÓN BÑINDADA MUJERES DE PAR EN PAR MUJERES CON AROMA DE CAFÉ...CONCERTtPRIMERA FILA 2Tesauro de Arte & ArquitecturaaARTE 2Tesauro de Arte & ArquitecturaaARTES ESCENICAS9702 2Tesauro de Arte & ArquitecturaaCIRCO 2Tesauro de Arte & ArquitecturaaTEATRO 2ddcc1h792iS349pn0 c4183d4183 00102ddc3140708RevistasaLVbLVd2023-08-23h1i005168l0o792 S349pp005168r2023-08-23 00:00:00w2023-08-23y1